00246nam a22001217a 4500040000700000082000800007100001600015245004200031260001900073300001000092942000700102999001500109 cSK a344 aDEAP LOEUNG aFishing gears of the cambodian mekong aMRCbDEAc2003 a267p. cEK c9979d9979